000 01029cam a2200265 a 4500
001 4946732
003 GBCCL
005 20241126110334.0
008 961120s1998 nyu bd 001 0ceng
010 _a 96049922
020 _a0028646045 (alk. paper)
040 _aDLC
_cDLC
_dDLC
050 0 0 _aBV3700
_b.B56 1998
082 0 0 _a266.00922
_aB
_221
_bBIO
245 0 0 _aBiographical dictionary of Christian missions /
_cedited by Gerald H. Anderson.
260 _aNew York :
_bMacmillan Reference USA,
_cc1998.
300 _axxvi, 845 p. ;
_c29 cm.
504 _aIncludes bibliographical references and index.
650 0 _aMissionaries
_vBiography
_vDictionaries.
_9131
700 1 _aAnderson, Gerald H.
_9132
906 _a7
_bcbc
_corignew
_d1
_eocip
_f19
_gy-gencatlg
942 _2ddc
_cREF
999 _c250
_d250